La Notificación de los accidentes de trabajo y de las enfermedades profesionales en la Comunidad Europea
Պահպանված է:
| Համատեղ հեղինակ: | |
|---|---|
| Ձևաչափ: | Տեքստ |
| Հրապարակվել է: |
Bruselas:
Fund. Europea para la Mejora de las Condiciones de Vida y de Trabajo
|
| Ցուցիչներ: |
Ավելացրեք ցուցիչ
Չկան պիտակներ, Եղեք առաջինը, ով նշում է այս գրառումը!
|
MARC
| LEADER | 00000 a a2200000 04500 | ||
|---|---|---|---|
| 001 | 23571 | ||
| 003 | |||
| 040 | |||
| 020 | |a 92-825-7571-3 | ||
| 090 | |a 162400 | ||
| 110 | |a Fundación Europea para la Mejora de las Condiciones de Vida y de Trabajo | ||
| 245 | |a La Notificación de los accidentes de trabajo y de las enfermedades profesionales en la Comunidad Europea | ||
| 260 | |a Bruselas: |b Fund. Europea para la Mejora de las Condiciones de Vida y de Trabajo | ||
| 300 | |a 57 p |b il. |b fonodiscos |b map. | ||
| 999 | |c 11933 |d 11933 | ||



